El nuevo pacto social para una paz duradera en Colombia / (Registro nro. 7515)

Detalles MARC
000 -LEADER
fixed length control field 01274nam a22002537a 4500
003 - CONTROL NUMBER IDENTIFIER
control field OSt
005 - DATE AND TIME OF LATEST TRANSACTION
control field 20210310102619.0
008 - FIXED-LENGTH DATA ELEMENTS--GENERAL INFORMATION
fixed length control field 210310s2013 ck ||||gr|||| 001 0dspa d
040 ## - CATALOGING SOURCE
Original cataloging agency CO-JMCR
Transcribing agency CO-JMCR
041 0# - LANGUAGE CODE
Language code of text/sound track or separate title spa
082 04 - DEWEY DECIMAL CLASSIFICATION NUMBER
Classification number 361.6109861 /
Item number M973n
Edition number 23
100 1# - MAIN ENTRY--PERSONAL NAME
Personal name Murcia Fajardo, Jesus Benito,
Relator term autor
9 (RLIN) 14641
245 13 - TITLE STATEMENT
Title El nuevo pacto social para una paz duradera en Colombia /
Statement of responsibility, etc. Jesus Benito Murcia Fajardo
260 ## - PUBLICATION, DISTRIBUTION, ETC.
Place of publication, distribution, etc. Bogotá :
Name of publisher, distributor, etc. O.J.M Editores,
Date of publication, distribution, etc. 2013
300 ## - PHYSICAL DESCRIPTION
Extent 199 páginas ;
Dimensions 21 cm.
500 ## - GENERAL NOTE
General note Incluye datos biográficos del autor e índice de materias.
504 ## - BIBLIOGRAPHY, ETC. NOTE
Bibliography, etc. note Bibliografía: páginas 193-194
505 0# - FORMATTED CONTENTS NOTE
Formatted contents note Límites a la pobreza y a la riqueza Derechos mínimos fundamentales -- Planes de desarrollo económicos y sociales -- Organización del Estado -- Garantías a la oposición -- De las privatizaciones -- De los servicios públicos -- Reducción del tamaño de Estado -- Remesas y salidas de utilidades al exterior -- Del desempleo -- Derecho de las mayorías - Respeto a las minorias -- Democracia directiva y participativa
650 04 - SUBJECT ADDED ENTRY--TOPICAL TERM
Topical term or geographic name entry element Planes de desarrollo
Geographic subdivision Colombia
9 (RLIN) 11146
650 24 - SUBJECT ADDED ENTRY--TOPICAL TERM
Topical term or geographic name entry element Paz
Geographic subdivision Colombia
9 (RLIN) 7399
650 24 - SUBJECT ADDED ENTRY--TOPICAL TERM
Topical term or geographic name entry element Productividad
Geographic subdivision Colombia
9 (RLIN) 14642
651 #4 - SUBJECT ADDED ENTRY--GEOGRAPHIC NAME
Geographic name Colombia
General subdivision Política social
9 (RLIN) 7681
942 ## - ADDED ENTRY ELEMENTS (KOHA)
Source of classification or shelving scheme Dewey Decimal Classification
Koha item type Books
Existencias
Withdrawn status Lost status Source of classification or shelving scheme Damaged status Not for loan Collection code Home library Current library Date acquired Source of acquisition Coded location qualifier Total Checkouts Full call number Barcode Date last seen Copy number Price effective from Koha item type Public note
    Dewey Decimal Classification     Non-fiction Biblioteca Pública José María del Castillo y Rada Biblioteca Pública José María del Castillo y Rada 03/10/2021 2020-10-02 Donación   361.6109861 / M973n 201810777 05/16/2024 Ej.1 03/10/2021 Books Exlibris: Nota en portada.